National Flags That Contain Red Green Black And White - Statistics

General Stats
  • This quiz has been taken 16 times
  • The average score is 6 of 9
Answer Stats
Answer % Correct
Libya
80%
Afghanistan
73%
Jordan
73%
Iraq
67%
Kuwait
67%
Sudan
67%
Syria
67%
UAE
67%
Kenya
47%
No matching quizzes found
Score Distribution
Percent of People with Each Score
Percentile by Number Answered
Your Score History
You have not taken this quiz